000 00516nam a2200205Ia 4500
003 OSt
005 20241109123233.0
008 210719s1949 xx 000 0 und d
040 _cAL
041 _aeng
082 _a301.4494 KAKD
100 _aKAKADE (R G)
_9184796
245 _aDepressed classes of South Kanara:a socio economic survey
260 _aPoona
_c1949
300 _a151
_bHB
365 _cRs
650 _aSociology
_9184797
650 _aSouth Kanara / South Canara
_9184798
942 _2ddc
_cBK
999 _c215896
_d215896